Listonellosis in ciarias gariepinus : (Record no. 42677)
[ view plain ]
| 000 -LEADER | |
|---|---|
| fixed length control field | 02200cab a2200301Ia 45 0 |
| 001 - CONTROL NUMBER | |
| control field | u187738 |
| 003 - CONTROL NUMBER IDENTIFIER | |
| control field | SIRSI |
| 008 - FIXED-LENGTH DATA ELEMENTS--GENERAL INFORMATION | |
| fixed length control field | 101214s2006 ua ss b eng d |
| 040 ## - CATALOGING SOURCE | |
| Original cataloging agency | EAL |
| 041 ## - LANGUAGE CODE | |
| Language code of text/sound track or separate title | eng |
| Language code of summary or abstract | ara |
| 090 ## - LOCALLY ASSIGNED LC-TYPE CALL NUMBER (OCLC); LOCAL CALL NUMBER (RLIN) | |
| Classification number (OCLC) (R) ; Classification number, CALL (RLIN) (NR) | ART VMJ V54 No4 9 |
| 100 1# - MAIN ENTRY--PERSONAL NAME | |
| Personal name | Abbass, Amany A. |
| 240 10 - UNIFORM TITLE | |
| Uniform title | Veterinary medical journal, 2006 v.54 (4) |
| Medium | [electronic resource]. |
| 245 10 - TITLE STATEMENT | |
| Title | Listonellosis in ciarias gariepinus : |
| Remainder of title | phenotypic and serological identification of ustoneuaanguilla.rum isolated from ulcerative lesions |
| Medium | [electronic resource]. |
| 246 15 - VARYING FORM OF TITLE | |
| Title proper/short title | مرض الليستونيلوزيز فى أسماك الكلاريس جاريبينس: |
| Remainder of title | التصنيف الظاهرى والسيرولوجى لليستونيلا انجوليرم المعزوله من الأضرار المرضية التقرحية. |
| 300 ## - PHYSICAL DESCRIPTION | |
| Extent | p.825-840. |
| 504 ## - BIBLIOGRAPHY, ETC. NOTE | |
| Bibliography, etc. note | Includes references. |
| 520 ## - SUMMARY, ETC. | |
| Summary, etc. | In the present study ten isolates of Ustonella anguil/ arum were isolated from Clarias gariepi·· /lU.\' exhibited ulcerative lesions. The prevalence of infection was 16.7 %. The organisms were identified phenotypically to be a variant strains of L. 1Illguil!arum and the biochemical deviation were found in Voges Proskauer test and fermenta-· tion of mannitol. Experimentally, the infected fish showed severe skin ulcerations and high mortality rate. Electrophoresis of serum proteins revealed a significant decrease in δ,β and α globulins on day 4 post infection (PI) and for β globulin only on day 8 PI. In addition, the total serum globulin was dropped significantly on day 4 PI and nonsignificantly on day 8 PI when compared with its value for control group. Moreover, the albumin / globulin ratio was significantly elevated in the infected groups than in control one. |
| 546 ## - LANGUAGE NOTE | |
| Language note | Summary in Arabic. |
| 596 ## - | |
| -- | 1 |
| 650 #0 - SUBJECT ADDED ENTRY--TOPICAL TERM | |
| Topical term or geographic name entry element | Fishes |
| General subdivision | Diseases |
| -- | Diagnosis. |
| 650 #0 - SUBJECT ADDED ENTRY--TOPICAL TERM | |
| Topical term or geographic name entry element | Fishes |
| General subdivision | Diseases |
| -- | Research. |
| 650 #0 - SUBJECT ADDED ENTRY--TOPICAL TERM | |
| Topical term or geographic name entry element | Clarias gariepinus |
| General subdivision | Diseases |
| -- | Diagnosis. |
| 650 #0 - SUBJECT ADDED ENTRY--TOPICAL TERM | |
| Topical term or geographic name entry element | Clarias gariepinus |
| General subdivision | Diseases |
| -- | Research. |
| 700 1# - ADDED ENTRY--PERSONAL NAME | |
| Personal name | Sobhy, Mona M. |
| 773 0# - HOST ITEM ENTRY | |
| Title | Veterinary Medical Journal. |
| Related parts | 2006.v.54(4) |
| International Standard Serial Number | 1110-1423 |
| Control subfield | nass |
| Record control number | u159328 |
| 856 40 - ELECTRONIC LOCATION AND ACCESS | |
| Uniform Resource Identifier | <a href="http://nile.enal.sci.eg/EALE/2006/VMJ/5406/4/825.pdf">http://nile.enal.sci.eg/EALE/2006/VMJ/5406/4/825.pdf</a> |
| Public note | Full Text Article. |
| 942 ## - ADDED ENTRY ELEMENTS (KOHA) | |
| Koha item type | Articles |
| Source of classification or shelving scheme | Library of Congress Classification |
No items available.